000 00800nam a22002177a 4500
001 0000003604
003 PPM
005 20260423153731.0
008 260423b ||||| |||| 00| 0 eng d
020 _a9679933792
_cRM 45.00
_qPaperback
035 _a0000003604
040 _bEng.
_cPusat Penyelidikan Mineral, Jabatan Mineral Dan Geosains Malaysia
_dPPM
_eRDA
082 0 0 _221
_a352.48
_bXAV 2001
100 1 _aXavier, John Anthony
_eauthor
245 1 0 _aBudgeting For Performance : Principles And Pratice /
_cby John Antony Xavier
260 1 _aKuala Lumpur :
_bInstitut Tadbiran Awam Negara ,
_c2001
300 0 0 _axxxiv, 379 pages .:
_btable, illustrations .;
_c22 cm
504 _aIncludes bibliographical references (p.: 369 - 375), indexs (p.: 377 - 379)
650 1 0 _aBudget
942 _2ddc
_cBK
999 _c27226
_d27226